Christian ways to date, go steady, and break up. (Record no. 16822)

000 -LEADER
fixed length control field 00508nam a2200169 a 4500
001 - CONTROL NUMBER
control field :::00020109$&:&@@
003 - CONTROL NUMBER IDENTIFIER
control field OkBaRHE
005 - DATE AND TIME OF LATEST TRANSACTION
control field 20011211172100.0
008 - FIXED-LENGTH DATA ELEMENTS--GENERAL INFORMATION
fixed length control field s1978 j 000 0 eng u
040 ## - CATALOGING SOURCE
Transcribing agency
100 1# - MAIN ENTRY--PERSONAL NAME
Personal name Butler, John
245 10 - TITLE STATEMENT
Title Christian ways to date, go steady, and break up.
260 ## - PUBLICATION, DISTRIBUTION, ETC. (IMPRINT)
Place of publication, distribution, etc Cincinnati, OH
Name of publisher, distributor, etc Standard Publishing
Date of publication, distribution, etc 1978
300 ## - PHYSICAL DESCRIPTION
Extent 45 p.
942 ## - ADDED ENTRY ELEMENTS (KOHA)
Source of classification or shelving scheme
Koha item type Books
Copies
Full call number Barcode Permanent Location Date last seen Current Location Copy number Koha item type Withdrawn status Damaged status Source of classification or shelving scheme Shelving location Lost status Date acquired Price effective from Not for loan
HQ 801 .B89520109RHEMA Bible Training College2012-02-10RHEMA Bible Training College1Books   General StacksLong Overdue (Lost)2010-04-142010-04-14